000 00592nam a22001935i 4500
001 54400
003 ES-MaACL
005 20231103062529.0
007 t|
008 960719s1884 fr ||||1| fre d
040 _aCAM
_bspa
_cCAM
100 1 _aForneron, Henri.
_951780
245 1 0 _aHistoire générale des émigrés pendant la révolution française /
_cpar H. Forneron.
260 _aParis :
_bE. Plon, Nourrit et Cie.,
_c1884.
300 _a2 v. ;
_c22 cm.
651 4 _aFrancia-
_xHistoria-
_y1789-1799, Revolución
_98685
852 _aES-MaACL
_jF-6027-8
999 _c54400
_d54400